Every Video Game Console by Nintendo, Atari, Microsoft, Sega, and Sony - Statistics

General Stats
  • This quiz has been taken 80 times
  • The average score is 26 of 39
Answer Stats
Hint Answer % Correct
Sony PlayStation 3
91%
Sony PlayStation 4
91%
Sony PlayStation 5
91%
Nintendo Handheld Game Boy
89%
Sony PlayStation
89%
Sony PlayStation 2
89%
Sony Handheld PSP
89%
Nintendo Nintendo 64
87%
Nintendo Wii
87%
Nintendo Wii U
87%
Nintendo Handheld Game Boy Advance
85%
Nintendo GameCube
85%
Nintendo NES
85%
Nintendo Hybrid Switch
85%
Nintendo Handheld 3DS
83%
Nintendo Handheld DS
83%
Nintendo SNES
81%
Microsoft Xbox
81%
Microsoft Xbox 360
79%
Microsoft Xbox One
79%
Sony Handheld PlayStation Vita
75%
Atari Atari 2600
74%
Sega Dreamcast
68%
Microsoft Xbox Series X
66%
Sega Sega Genesis
64%
Sega Handheld Game Gear
60%
Nintendo Hybrid Switch 2
57%
Sega Sega Saturn
55%
Nintendo Handheld Game and Watch
53%
Sega Master System
49%
Atari Handheld Atari Lynx
43%
Nintendo Hybrid Virtual Boy
43%
Atari Atari 5200
42%
Atari Atari Jaguar
42%
Atari Atari 7800
40%
Nintendo Color TV-Game
23%
Sega SG-1000
21%
Atari XEGS
4%
Atari Home Pong
2%
No matching quizzes found
Score Distribution
Percent of People with Each Score
Percentile by Number Answered
Your Score History
You have not taken this quiz